The Foundation of Precision Medicine: Integration of Electronic Health Records with Nenomics Through Basic, Clinical, and Translational Research (Record no. 12671)
[ view plain ]
| 000 -LEADER | |
|---|---|
| fixed length control field | 00787nam a2200133Ia 4500 |
| 008 - FIXED-LENGTH DATA ELEMENTS--GENERAL INFORMATION | |
| fixed length control field | 220615s9999||||xx |||||||||||||| ||und|| |
| 022 ## - INTERNATIONAL STANDARD SERIAL NUMBER | |
| International Standard Serial Number | 16648714 |
| 100 ## - MAIN ENTRY--PERSONAL NAME | |
| Personal name | Mariza de Andrade||Helena Kuivaniemi||Marylyn D. Ritchie |
| 245 #4 - TITLE STATEMENT | |
| Title | The Foundation of Precision Medicine: Integration of Electronic Health Records with Nenomics Through Basic, Clinical, and Translational Research |
| 546 ## - LANGUAGE NOTE | |
| Language note | English[eng] |
| 650 ## - SUBJECT ADDED ENTRY--TOPICAL TERM | |
| Topical term or geographic name entry element | eMERGE network||Genome-Wide Association Study||Electronic Medical Record||Biobank||population stratification||precision medicine||Imputation||Loss-of-function variants||phenome-wide association study||Genetic risk score |
| 856 ## - ELECTRONIC LOCATION AND ACCESS | |
| Uniform Resource Identifier | <a href="http://journal.frontiersin.org/researchtopic/2198/genetics-research-in-electronic-health-records-linked-to-dna-biobanks">http://journal.frontiersin.org/researchtopic/2198/genetics-research-in-electronic-health-records-linked-to-dna-biobanks</a> |
| 942 ## - ADDED ENTRY ELEMENTS (KOHA) | |
| Koha item type | E-Books |
| Withdrawn status | Lost status | Damaged status | Not for loan | Home library | Current library | Date acquired | Total Checkouts | Date last seen | Price effective from | Koha item type |
|---|---|---|---|---|---|---|---|---|---|---|
| Kerala University of Digital Sciences, Innovation and Technology Knowledge Centre | Kerala University of Digital Sciences, Innovation and Technology Knowledge Centre | 15/06/2022 | 15/06/2022 | 15/06/2022 | E-Books |